[Event "Rheinland Pfalz op 5th"]
[Site "Worms"]
[Date "2013.05.31"]
[Round "4"]
[White "Kugel, Norbert"]
[Black "Hegermann, Frank"]
[Result "0-1"]
[WhiteElo "1901"]
[BlackElo "2112"]
[PlyCount "146"]
[EventDate "2013.05.30"]
[EventType "swiss"]
[EventRounds "7"]
[EventCountry "GER"]
[SourceTitle "EXT 2014"]
[Source "ChessBase"]
[SourceDate "2013.11.20"]
[SourceVersion "1"]
[SourceVersionDate "2013.11.20"]
[SourceQuality "1"]

1. Nf3 Nf6 2. d4 g6 3. Nc3 d5 4. h3 Bg7 5. Bf4 0-0 6. e3 c5 7. Be2 Nc6 8. 0-0 cxd4 9. exd4 Bf5 10. a3 Rc8 11. Na2 Qb6 12. b4 Ne4 13. c3 Nd8 14. Rc1 Ne6 15. Be3 g5 16. Ne5 Qd6 17. g4 Bg6 18. c4 Bxe5 19. dxe5 Qxe5 20. cxd5 Rcd8 21. Qb3 Rxd5 22. Rfd1 Rxd1+ 23. Rxd1 Nf4 24. Bf1 b6 25. Nc1 Rc8 26. Bd4 Qc7 27. Nd3 Ne6 28. Rc1 Qd8 29. Rxc8 Qxc8 30. Be3 Qc7 31. Qd5 Nc3 32. Qe5 Qxe5 33. Nxe5 Be4 34. b5 Nd5 35. Bd2 Nd4 36. Bg2 Bxg2 37. Kxg2 f6 38. Nc6 Nxb5 39. a4 Nd6 40. Nxa7 Ne4 41. Be1 Kf7 42. a5 bxa5 43. Bxa5 e5 44. Be1 Ke6 45. Nb5 f5 46. f3 Nef6 47. gxf5+ Kxf5 48. Nd6+ Ke6 49. Nc4 Nf4+ 50. Kh2 Kd5 51. Ne3+ Kd4 52. Nf5+ Kd3 53. h4 g4 54. fxg4 Nxg4+ 55. Kg3 Nf6 56. Ba5 N6d5 57. Bd8 e4 58. Bg5 e3 59. Nxe3 Kxe3 60. Bh6 Ke4 61. Kg4 Ne6 62. Bg5 Ke5 63. Kh5 Nf6+ 64. Kh6 Nf8 65. Kg7 N8d7 66. h5 Kf5 67. Bxf6 Nxf6 68. h6 Ke6 69. Kh8 Kd7 70. Kg7 Ke7 71. Kh8 Nd7 72. Kg7 Nf8 73. Kh8 Kf6 0-1

[Event "Rheinland Pfalz op 5th"]
[Site "Worms"]
[Date "2013.05.30"]
[Round "2"]
[White "Bossert, Felix"]
[Black "Hegermann, Frank"]
[Result "0-1"]
[WhiteElo "1522"]
[BlackElo "2112"]
[PlyCount "46"]
[EventDate "2013.05.30"]
[EventType "swiss"]
[EventRounds "7"]
[EventCountry "GER"]
[SourceTitle "EXT 2014"]
[Source "ChessBase"]
[SourceDate "2013.11.20"]
[SourceVersion "1"]
[SourceVersionDate "2013.11.20"]
[SourceQuality "1"]

1. d4 Nf6 2. c4 g6 3. Nf3 Bg7 4. g3 0-0 5. Bg2 d6 6. 0-0 Nc6 7. Nc3 a6 8. e3 Rb8 9. Qe2 b5 10. cxb5 axb5 11. Ne1 Qd7 12. Nc2 b4 13. Nd5 e5 14. Qc4 Nxd5 15. Qxd5 Ne7 16. Qb3 Qb5 17. Bd2 c5 18. a4 bxa3 19. Qxb5 Rxb5 20. bxa3 Rb2 21. Rfc1 exd4 22. exd4 Bf5 23. dxc5 dxc5 0-1

[Event "Rheinland Pfalz op 4th"]
[Site "Altenkirchen"]
[Date "2012.06.08"]
[Round "3"]
[White "Hegermann, Frank"]
[Black "Heimann, Andreas"]
[Result "1/2-1/2"]
[WhiteElo "2142"]
[BlackElo "2487"]
[PlyCount "90"]
[EventDate "2012.06.07"]
[EventType "swiss"]
[EventRounds "7"]
[EventCountry "GER"]
[SourceTitle "CBM 148 Extra"]
[Source "ChessBase"]
[SourceDate "2012.06.22"]
[SourceVersion "1"]
[SourceVersionDate "2012.06.22"]
[SourceQuality "1"]

1. d4 Nf6 2. c4 g6 3. Nf3 Bg7 4. Nc3 d5 5. e3 0-0 6. b4 Bg4 7. Qb3 c6 8. a4 Nbd7 9. cxd5 cxd5 10. Be2 Nb6 11. a5 Nc8 12. 0-0 Ne4 13. h3 Nxc3 14. Qxc3 Bd7 15. b5 Nd6 16. Qb3 Rc8 17. Ba3 Nc4 18. Bxc4 dxc4 19. Qb4 Re8 20. Rac1 c3 21. Rxc3 Rxc3 22. Qxc3 Bxb5 23. Rc1 e6 24. Bc5 a6 25. Bb6 Qd5 26. Qc7 Bc6 27. Qf4 e5 28. dxe5 Bxe5 29. Qc4 Qxc4 30. Rxc4 Bxf3 31. gxf3 Re7 32. Kg2 Rd7 33. f4 Ba1 34. Kf3 f5 35. Ke2 Kf7 36. f3 Ke6 37. e4 Bf6 38. Ke3 Bh4 39. Bd4 Bd8 40. Rc5 Bc7 41. Be5 Bd8 42. Bd4 Be7 43. exf5+ Kf7 44. fxg6+ hxg6 45. Rc8 Bd6 1/2-1/2

[Event "Rheinland Pfalz op 4th"]
[Site "Altenkirchen"]
[Date "2012.06.07"]
[Round "2"]
[White "Meul, Willi"]
[Black "Hegermann, Frank"]
[Result "0-1"]
[WhiteElo "1879"]
[BlackElo "2142"]
[PlyCount "134"]
[EventDate "2012.06.07"]
[EventType "swiss"]
[EventRounds "7"]
[EventCountry "GER"]
[SourceTitle "CBM 148 Extra"]
[Source "ChessBase"]
[SourceDate "2012.06.22"]
[SourceVersion "1"]
[SourceVersionDate "2012.06.22"]
[SourceQuality "1"]

1. d4 Nf6 2. Nf3 g6 3. c4 Bg7 4. Nc3 d5 5. e3 0-0 6. b3 c5 7. Bb2 Qa5 8. Qd2 cxd4 9. Nxd4 dxc4 10. Bxc4 Rd8 11. Qc1 e5 12. Nde2 a6 13. a4 Nc6 14. 0-0 Bf5 15. Rd1 Nb4 16. Ng3 Bd3 17. Bxd3 Nxd3 18. Qc2 Nxb2 19. Qxb2 Rac8 20. b4 Qc7 21. Rxd8+ Rxd8 22. Rd1 Rxd1+ 23. Nxd1 Nd5 24. e4 Nf4 25. Ne3 b5 26. axb5 axb5 27. Qc2 Qxc2 28. Nxc2 Bf8 29. Na3 Bxb4 30. Nxb5 f6 31. Kf1 Kf7 32. Ne2 Nd3 33. Nbc3 Ke6 34. Nd5 Ba5 35. f3 f5 36. Nec3 Nc5 37. Ke2 fxe4 38. fxe4 Nxe4 39. Nxe4 Kxd5 40. Nf6+ Ke6 41. Nxh7 Kf5 42. Nf8 Bb6 43. Nd7 Bg1 44. h3 Ke6 45. Nf8+ Kf5 46. Nd7 e4 47. Nf8 Bd4 48. g4+ Kf6 49. Nh7+ Ke5 50. Nf8 g5 51. Ng6+ Kf6 52. Nf8 Ba7 53. Nh7+ Kg6 54. Nf8+ Kg7 55. Ne6+ Kf6 56. Nc7 Ke5 57. Nb5 Bc5 58. Nc3 Kf4 59. Nd5+ Ke5 60. Nc3 Bb6 61. Kf1 Kd4 62. Ne2+ Ke3 63. Ng3 Kf3 64. Ne2 Ba7 65. Nc3 Bd4 66. Ne2 Be5 67. Ng1+ Kg3 0-1

[Event "Pfalz op 03rd"]
[Site "Neustadt an der Weinstrasse"]
[Date "2012.02.20"]
[Round "2"]
[White "Dann, Matthias"]
[Black "Hegermann, Frank"]
[Result "1/2-1/2"]
[WhiteElo "2381"]
[BlackElo "2147"]
[PlyCount "105"]
[EventDate "2012.02.17"]
[EventType "swiss"]
[EventRounds "9"]
[EventCountry "GER"]
[SourceTitle "EXT 2013"]
[Source "ChessBase"]
[SourceDate "2012.11.22"]
[SourceVersion "1"]
[SourceVersionDate "2012.11.22"]
[SourceQuality "1"]

1. c4 Nf6 2. Nc3 d5 3. cxd5 Nxd5 4. Nf3 g6 5. h4 h5 6. g3 Bg7 7. Bg2 c5 8. 0-0 Nc6 9. Ng5 Nb6 10. b3 0-0 11. Bb2 c4 12. Rc1 Bf5 13. Ba1 Rc8 14. bxc4 Nxc4 15. d3 Nd6 16. Nd5 e5 17. Qb3 Re8 18. Ne3 Be6 19. Nxe6 Rxe6 20. Bh3 Na5 21. Qd5 Rxc1 22. Rxc1 Re8 23. Bg2 Nc6 24. Nc4 Nxc4 25. Qxc4 Nd4 26. Kf1 Qd7 27. Qd5 Rc8 28. Rc4 Rxc4 29. Qxc4 b5 30. Qc1 a6 31. e3 Ne6 32. Ke2 f6 33. Qc6 Qxc6 34. Bxc6 Bf8 35. d4 Bd6 36. Bd5 Kf7 37. Bc3 Ke7 38. dxe5 fxe5 39. f3 b4 40. Be1 a5 41. g4 Nc5 42. Bc6 hxg4 43. fxg4 e4 44. h5 gxh5 45. gxh5 Kf6 46. Bh4+ Kg7 47. Bg5 a4 48. Kd2 b3 49. axb3 a3 50. Kc2 Nd3 51. h6+ Kg6 52. Bxe4+ Kxg5 53. Bxd3 1/2-1/2

[Event "Pfalz op 03rd"]
[Site "Neustadt an der Weinstrasse"]
[Date "2012.02.20"]
[Round "4"]
[White "Eisenbeiser, Amadeus"]
[Black "Hegermann, Frank"]
[Result "1-0"]
[WhiteElo "2409"]
[BlackElo "2147"]
[PlyCount "53"]
[EventDate "2012.02.17"]
[EventType "swiss"]
[EventRounds "9"]
[EventCountry "GER"]
[SourceTitle "EXT 2013"]
[Source "ChessBase"]
[SourceDate "2012.11.22"]
[SourceVersion "1"]
[SourceVersionDate "2012.11.22"]
[SourceQuality "1"]

1. e4 c5 2. Nf3 g6 3. d4 cxd4 4. Nxd4 Nc6 5. c4 Nf6 6. Nc3 d6 7. Be2 Nxd4 8. Qxd4 Bg7 9. Be3 0-0 10. Qd1 Qa5 11. 0-0 Be6 12. Rc1 Rac8 13. b3 a6 14. f4 b5 15. f5 Bd7 16. fxg6 hxg6 17. e5 dxe5 18. Rxf6 Bxf6 19. Qxd7 Rcd8 20. Qg4 bxc4 21. Bxc4 e6 22. Ne4 Bg7 23. Qg5 Qxa2 24. Nf6+ Bxf6 25. Qxf6 Rd2 26. Bh6 Rxg2+ 27. Kf1 1-0

[Event "Rheinhessen-ch"]
[Site "Gau Algesheim"]
[Date "2010.04.03"]
[Round "7"]
[White "Hegermann, Frank"]
[Black "Sabel, Reinhard"]
[Result "1/2-1/2"]
[WhiteElo "2065"]
[BlackElo "1911"]
[PlyCount "67"]
[EventDate "2010.03.27"]
[EventType "tourn"]
[EventRounds "7"]
[EventCountry "GER"]
[SourceTitle "EXT 2012"]
[Source "ChessBase"]
[SourceDate "2011.11.24"]
[SourceVersion "1"]
[SourceVersionDate "2011.11.24"]
[SourceQuality "1"]

1. d4 d5 2. c4 e6 3. Nc3 Nf6 4. Bg5 Be7 5. e3 0-0 6. Nf3 Nbd7 7. Qc2 h6 8. Bh4 c5 9. cxd5 Nxd5 10. Bxe7 Qxe7 11. Rd1 Nxc3 12. Qxc3 cxd4 13. Rxd4 Nb6 14. Be2 Nd5 15. Qd2 b6 16. 0-0 Bb7 17. Rc1 Rac8 18. Rdc4 Rxc4 19. Rxc4 Ba6 20. Ra4 Bxe2 21. Qxe2 Rc8 22. Rc4 Rxc4 23. Qxc4 Qc7 24. Qxc7 Nxc7 25. Kf1 Kf8 26. Ke2 f6 27. Kd3 Ke7 28. Nd4 Kd6 29. Kc4 a6 30. a4 Nd5 31. b4 g6 32. g3 Ne7 33. e4 Nc6 34. Nxc6 1/2-1/2

[Event "Rheinhessen-ch"]
[Site "Gau Algesheim"]
[Date "2010.03.27"]
[Round "1"]
[White "Hegermann, Frank"]
[Black "Mueller, Lutz"]
[Result "1-0"]
[WhiteElo "2065"]
[BlackElo "2059"]
[PlyCount "77"]
[EventDate "2010.03.27"]
[EventType "tourn"]
[EventRounds "7"]
[EventCountry "GER"]
[SourceTitle "EXT 2012"]
[Source "ChessBase"]
[SourceDate "2011.11.24"]
[SourceVersion "1"]
[SourceVersionDate "2011.11.24"]
[SourceQuality "1"]

1. d4 d5 2. c4 dxc4 3. Nf3 Nf6 4. e3 e6 5. Bxc4 Bd6 6. 0-0 0-0 7. Nc3 Nc6 8. e4 e5 9. d5 Ne7 10. a3 Ng6 11. Ne1 a6 12. Be2 Qe7 13. Nd3 Bd7 14. Be3 c5 15. dxc6 Bxc6 16. f3 Rfd8 17. Qb3 Nf4 18. Nxf4 exf4 19. Bf2 Bc5 20. Rfd1 g5 21. Rac1 g4 22. fxg4 Bxf2+ 23. Kxf2 Qc5+ 24. Kf1 Qe3 25. Qc4 Bxe4 26. g5 b5 27. Qc7 Rdc8 28. Qd6 Rc6 29. Qd4 Bxg2+ 30. Kxg2 Rxc3 31. bxc3 Qxe2+ 32. Qf2 f3+ 33. Kg1 Ne4 34. Qxe2 fxe2 35. Rd3 Nxg5 36. Rg3 f6 37. h4 Rd8 38. Re1 Rd5 39. hxg5 1-0

[Event "RLP-ch MTB 26th"]
[Site "Ludwigshafen"]
[Date "2007.07.15"]
[Round "5"]
[White "Dausch, Rene"]
[Black "Hegermann, Frank"]
[Result "1/2-1/2"]
[WhiteElo "2356"]
[BlackElo "2132"]
[PlyCount "116"]
[EventDate "2007.07.13"]
[EventType "swiss"]
[EventRounds "7"]
[EventCountry "GER"]
[SourceTitle "EXT 2009"]
[Source "ChessBase"]
[SourceDate "2008.11.26"]
[SourceVersion "1"]
[SourceVersionDate "2008.11.26"]
[SourceQuality "1"]

1. d4 Nf6 2. Nf3 g6 3. Bg5 Bg7 4. Nbd2 d5 5. Bxf6 Bxf6 6. e4 dxe4 7. Nxe4 Bg7 8. Bc4 0-0 9. 0-0 Bg4 10. c3 e6 11. h3 Bxf3 12. Qxf3 Nd7 13. Rad1 Qe7 14. Rfe1 c6 15. Bb3 a5 16. a3 b5 17. Qg3 Nf6 18. Nc5 Nd5 19. Nd3 Rfc8 20. Ne5 Qc7 21. Qf3 Ra7 22. h4 b4 23. c4 Nf6 24. a4 h5 25. g3 Ra6 26. Qe2 Raa8 27. Bc2 Re8 28. Qf3 Rac8 29. b3 c5 30. dxc5 Qxc5 31. Rd7 Rc7 32. Rxc7 Qxc7 33. Qc6 Rc8 34. Qxc7 Rxc7 35. Rd1 Ng4 36. Rd8+ Kh7 37. Nxg4 hxg4 38. h5 f5 39. Rd6 gxh5 40. Rxe6 Rc5 41. Kf1 Bc3 42. Rb6 Bd4 43. Rd6 Bc3 44. Rd5 Rxd5 45. cxd5 Kg6 46. d6 Kg5 47. d7 Bf6 48. Ke2 f4 49. Be4 h4 50. gxh4+ Kxh4 51. Kd3 Kh3 52. Bf5 Kg2 53. Bxg4 Kxf2 54. Ke4 Kg3 55. Be2 Bd8 56. Bd1 Bh4 57. Bh5 Bd8 58. Be2 Bh4 1/2-1/2

[Event "Rheinhessen-ch HT1 op"]
[Site "Woerrstadt"]
[Date "1999.03.27"]
[Round "2"]
[White "Daitche, Josef"]
[Black "Hegermann, Frank"]
[Result "0-1"]
[WhiteElo "1757"]
[BlackElo "1976"]
[PlyCount "98"]
[EventDate "1999.03.27"]
[EventType "swiss"]
[EventRounds "7"]
[EventCountry "GER"]
[SourceTitle "EXT 2000"]
[Source "ChessBase"]
[SourceDate "1999.11.16"]
[SourceVersion "1"]
[SourceVersionDate "1999.11.16"]
[SourceQuality "1"]

1. Nf3 g6 2. g3 Bg7 3. Bg2 c5 4. 0-0 Nc6 5. d3 e5 6. e4 Nge7 7. Nbd2 0-0 8. Re1 d6 9. Nf1 h6 10. h4 Rb8 11. N1h2 f5 12. exf5 gxf5 13. Qe2 Bd7 14. c3 b5 15. Be3 b4 16. Qd2 Kh7 17. Qc2 Kh8 18. Bc1 Qa5 19. Nd2 Be6 20. c4 Nd4 21. Qd1 b3 22. a3 Qc7 23. Rb1 a5 24. Nhf3 Nc2 25. Rf1 a4 26. Ne1 Nd4 27. Ndf3 Nec6 28. Be3 f4 29. Nxd4 Nxd4 30. Bxd4 exd4 31. Nf3 Bg4 32. Qd2 d5 33. Nh2 Bh5 34. g4 Bf7 35. cxd5 Qe7 36. Rbc1 Rbd8 37. Rfe1 Qc7 38. Rc4 Bxd5 39. Bxd5 Rxd5 40. Rxa4 Bf6 41. Ra6 Qg7 42. Qxf4 Rh5 43. Ree6 Bg5 44. Qd6 Rxh4 45. Qxc5 Bf4 46. Nf1 Rxg4+ 47. Ng3 Rxg3+ 48. Kf1 Rg1+ 49. Ke2 Qg4+ 0-1